|
|
|
|
| LEADER |
00000cam a2200000 7i4500 |
| 001 |
0000003658 |
| 005 |
20080131.0 |
| 020 |
0 |
0 |
|a 9839559931
|
| 090 |
0 |
0 |
|a 363.709595
|b HAM
|
| 100 |
1 |
0 |
|a Hamidi Ismail
|
| 245 |
1 |
0 |
|a Isu-isu pengurusan alam sekitar
|c Hamidi Ismail, Tuan Pah Rokiah Syed Hussain
|
| 260 |
0 |
0 |
|a Sintok, Kedah :
|b Universiti Utara Malaysia ,
|c 2003
|
| 300 |
|
|
|a xvi, 363ms. :
|b il., peta ;
|c 23cm.
|
| 650 |
0 |
0 |
|a Environmental management
|z Malaysia
|
| 650 |
0 |
0 |
|a Environmental monitoring
|z Malaysia
|
| 650 |
0 |
0 |
|a Environmental protection
|z Malaysia
|
| 700 |
1 |
1 |
|a Tuan Pah Rokiah Syed Hussain
|
| 999 |
|
|
|a 0000007118
|b Monograph
|c Open Shelf
|e Default branch
|